000 00545nam a2200181 i 4500
001 142238
003 ES-MaACL
005 20230906200457.0
007 t|
008 071004s1960 sp ||||1| spa d
080 _a811.124'367.625
100 1 _aVignote y Martínez, Juan Luis.
_9114658
245 1 0 _aEstructuras latinas
_b: infinitivo latino /
_cJuan Luis Vignote y Martínez.
260 _aMadrid :
_bHernando,
_c[1960]
300 _a36 p. ;
_c24 cm.
650 1 4 _aLengua latina-
_xVerbo.
_914308
852 _aES-MaACL
_j2021-F-2
_bR.46608
999 _c142238
_d142238